Das Duppauer Gebirge
| Titel: | Das Duppauer Gebirge : 1. Entstehung - Erdgeschichtliche Entwicklung |
|---|---|
| Verfasser: | |
| In: |
Kaadner Heimatbrief, Heft 602 (2000), Seite 34 alle Artikel anzeigen |
| Veröffentlicht: | 2000 |
| Format: | Aufsatz |
| Sprache: | Deutsch |
X
alg: 39162297 001A $01999:11-11-16 001B $01999:12-03-21 $t19:05:19.000 001C $06050:19-11-16 $t09:30:01.000 001D $01999:11-11-16 001U $0utf8 001X $00 002@ $0Aox 003@ $0391622978 007A $0391622978 $aHEB 007T $0Herd01334 010@ $ager 011@ $a2000 021A $aDas @Duppauer Gebirge $d1. Entstehung - Erdgeschichtliche Entwicklung 028A $aRoscher $dOtto 031A $e602 $h34 $j2000 039B $aIn $8--Abvc--. Kaadner Heimatbrief. - Sulzburg : Böhmischer Heimatverlag, 1950- $x200000000000602966 $9048247405 045F $a911.4371 $eDDC23BSB 045F/01 $a911 045F/03 $g4371 045T $a7,41 lok: 39162297 78 exp: 39162297 78 1 #EPN 201B/01 $026-11-17 $t00:46:10.000 201U/01 $0utf8 203@/01 $078771741X 208@/01 $a11-11-16 $be 209A/01 $a/ $f000 $x00 220C/01 $aTitelaufnehmer: rk 244Z/01 $#Tschechien $#Tschechische Republik $#Tschechische Republik $#Tschechenland $#Tschechei Tschechien $#Česká Republika $#Czech Republic $#ČR $74303381-7 $8--Tg1--Tschechien $x01 $9086659812 244Z/01 $2Trx $#Böhmen $#Bohemia $#Czechy $8--Trx--Čechy $x02 $9391188941 244Z/01 $2Trx $#Duppauer Gebirge $8--Trx--Doupovské Hory $x03 $9391276344 244Z/01 $2Trx $#geoloogia $#geologija $#Geology $#geológia $#geologia $#geológia $#geologie $8--Trx--Geologie $x04 $9391354973 244Z/01 $2Trx $8--Trx--Zeitschriftenaufsatz $x05 $9391384341 245Z/01 $a13.02 $x01 245Z/01 $a02 $x02 247C/01 $82080>Marburg/Lahn, Herder-Institut, Forschungsbibliothek, Bibliographieportal $9336309341
| LEADER | 00000caa a22000002c 4500 | ||
|---|---|---|---|
| 001 | 391622978 | ||
| 003 | DE-603 | ||
| 005 | 20210312190519.0 | ||
| 007 | tu | ||
| 008 | 161111s2000 xx |||| | u00||u|ger c | ||
| 035 | |a (DE-599)HEB391622978 | ||
| 040 | |a DE-603 |b ger |c DE-603 |d DE-603 | ||
| 041 | |a ger | ||
| 082 | 0 | 4 | |8 1\u |a 911.4371 |q DE-101 |2 23/BSB |
| 084 | |a 7,41 |2 ssgn | ||
| 085 | |8 1\u |b 911 | ||
| 085 | |8 1\u |z 2 |s 4371 | ||
| 100 | 1 | |a Roscher, Otto | |
| 245 | 0 | 0 | |a Das Duppauer Gebirge |b 1. Entstehung - Erdgeschichtliche Entwicklung |
| 264 | 0 | |c 2000 | |
| 773 | 0 | 8 | |i In |t Kaadner Heimatbrief |d Sulzburg : Böhmischer Heimatverlag, 1950- |h 30 cm |g Heft 602 (2000), Seite 34 |w (DE-603)048247405 |w (DE-600)959141-2 |
| 924 | 0 | |9 2080 |a (DE-603)78771741X |b DE-2080 |c HES |d d |g / | |


